00463nam a2200193 a 4500001001300000003000900013005001700022008004100039020000800080082001900088100001600107245001900123260003400142300000900176500003500185505001000220650002300230700001600253nice12345678IN_TiNIC20260116011353.0050524s1965 dela grp 000 0 urd  ac500a297.1227bABD3 aAbdul Hai,  aAasaan Tafseer aDelhibMaktaba Alhasnatc1965 a500p aincludes index and biblioraphy2 aTable aQuran-Hermeneutics1 aAbdul Hai,